|
|
|
|
| LEADER |
01095nam a2200253 a 4500 |
| 001 |
13254467 |
| 008 |
100304s2004 maua b 001 0 eng d |
| 010 |
|
|
|a 2003057967
|
| 020 |
|
|
|a 0205344275 (pbk. : alk. paper)
|
| 040 |
|
|
|a DLC
|c DLC
|d DLC
|d DB-DhAAL
|
| 082 |
0 |
0 |
|a 418/.0071
|2 22
|
| 100 |
1 |
|
|a Haley, Marjorie Hall,
|d 1952-
|
| 245 |
1 |
0 |
|a Content-based second language teaching and learning :
|b an interactive approach /
|c Marjorie Hall Haley, Theresa Y. Austin.
|
| 260 |
|
|
|a Boston :
|b Pearson/Allyn and Bacon,
|c c2004.
|
| 300 |
|
|
|a xix, 387 p. :
|b ill. ;
|c 24 cm.
|
| 504 |
|
|
|a Includes bibliographical references and indexes.
|
| 541 |
1 |
|
|e 00019924
|
| 650 |
|
0 |
|a Language and languages
|x Study and teaching.
|
| 650 |
|
0 |
|a Interaction analysis in education.
|
| 650 |
|
0 |
|a Language arts
|x Correlation with content subjects.
|
| 700 |
1 |
|
|a Austin, Theresa Y.
|
| 852 |
4 |
|
|a Ayesha Abed Library
|j General Shelf.
|
| 999 |
|
|
|c 7698
|d 7698
|
| 952 |
|
|
|0 0
|1 0
|2 ddc
|4 0
|6 418_007100000000000_HAL_2004
|7 0
|9 8445
|a BRACUL
|b BRACUL
|c GEN
|d 2010-03-04
|l 10
|m 13
|o 418.0071 HAL
|p 3010019924
|r 2018-10-23
|s 2016-08-03
|t 1
|w 2010-03-04
|y BK
|